| 000 | 00646cam a22002291 4500 | ||
|---|---|---|---|
| 001 | sa 68003640 | ||
| 003 | DLC | ||
| 005 | 20260227112454.0 | ||
| 008 | 710903s1967 ii b 00000beng | ||
| 010 | _asa 68003640 //r81 | ||
| 025 | _aPL480:I-E-9676 | ||
| 050 | 0 |
_aDS475.2.R18 _bS4 |
|
| 082 | 0 |
_a954.03/1/0924 _aB _219 |
|
| 100 | 1 | 0 | _aSen, Amiyakumar. |
| 245 | 1 | 0 | _aRaja Rammohun Roy, the representative man. |
| 250 | _a[1st ed.] | ||
| 260 | 0 |
_aCalcutta, _bCalcutta Text Book Society _c[1967] |
|
| 300 |
_axviii, 450, 79 p. _c22 cm. |
||
| 350 | _aRs12 | ||
| 504 | _aIncludes bibliographies. | ||
| 600 | 0 | 0 |
_aRammohun Roy, _cRaja, _d1772?-1833. |
| 999 |
_c79637 _d79637 |
||